Critical Social Theory in Public Administration (Record no. 3052)

MARC details
000 -LEADER
fixed length control field 00371nam a22001337a 4500
008 - FIXED-LENGTH DATA ELEMENTS--GENERAL INFORMATION
fixed length control field 250417b |||||||| |||| 00| 0 eng d
020 ## - INTERNATIONAL STANDARD BOOK NUMBER
ISBN 812032692
100 ## - MAIN ENTRY--AUTHOR
Author Box C. Richard
245 ## - TITLE STATEMENT
Title Critical Social Theory in Public Administration
260 ## - PUBLICATION, DISTRIBUTION, ETC. (IMPRINT)
Place of publication New Delhi
Name of publisher PRENTICE HALL OF INDIA PEIVATE LIMITED
Date of publication 2005
300 ## - COLLATION
Pagination 163p.
942 ## - ADDED ENTRY ELEMENTS (KOHA)
Item type Books
050 ## - LIBRARY OF CONGRESS CALL NUMBER
Classification number JF 1525
Item number .B36
Holdings
Source of classification or shelving scheme Not for loan Permanent location Current location Date acquired Accession No. Full call number Barcode. Koha item type
Library of Congress Classification   Samuel Ogbemudia Main Library, University of Abuja Samuel Ogbemudia Main Library, University of Abuja 04/17/2025 2014/44168 JF 1525.B36 2025-1456 Books